Statistics for List of Chess Pieces

Click here to take the quiz!

General Stats

  • This quiz has been taken 735 times
  • The average score is 6 of 6

Answer Stats

Answer % Correct
King
100%
Queen
100%
Knight
96%
Pawn
96%
Bishop
95%
Rook
94%

Score Distribution

Percentile by Number Answered

Percent of People with Each Score

Your Score History

You have not taken this quiz